000 00405nam a22001817a 4500
003 OSt
005 20211104105616.0
008 211104b |||||||| |||| 00| 0 eng d
020 _a0205405448
040 _cHU
082 _a306.7/SEX
100 _aMINDY STOMBLER
_916902
245 _aSEX MATTERS
250 _a2ND
260 _aNEW YORK
_bPEARSON
_c2007
300 _a650P
942 _2ddc
_cBOOKS
_n0
999 _c16693
_d16693